| 000 | 00458nam a2200157 i 4500 | ||
|---|---|---|---|
| 001 | 97412 | ||
| 003 | ES-MaACL | ||
| 005 | 20230906182110.0 | ||
| 007 | t| | ||
| 008 | 050712s1963 sp ||||1| spa d | ||
| 100 | 1 |
_aMarco Baró, Lorenzo. _976474 |
|
| 245 | 1 | 0 |
_aManual de tierras y fertilizantes / _cpor Lorenzo Marco Baró. |
| 260 |
_aBarcelona : _bAedos, _c1963. |
||
| 300 |
_aX, 228 p., 8 lám. : _bil. ; _c20 cm. |
||
| 852 |
_aES-MaACL _jC-24530 _bR.53246 |
||
| 999 |
_c97412 _d97412 |
||